|
|
|
|
| LEADER |
00000nam a2200000 a 4500 |
| 001 |
UCH2882 |
| 003 |
CL-VaPUC |
| 008 |
090702e20090000CL |||||||||||||||||spa|d |
| 020 |
|
|
|a 9681660307
|
| 082 |
0 |
4 |
|a 338.002583
|b SOF
|2 21
|
| 110 |
2 |
|
|a SOFOFA
|e author
|9 537950
|
| 245 |
1 |
0 |
|a Directorio Industrial de Chile 2009: Fabricantes, productos, servicios, proveedores
|
| 250 |
|
|
|a 1a. ed
|
| 300 |
|
|
|a 557 p
|
| 942 |
|
|
|c BK
|
| 945 |
|
|
|d 20090702 00:00:00
|a dcastane
|
| 260 |
|
|
|a Santiago
|b ITV
|c 2009
|
| 650 |
|
0 |
|a Industrias
|9 263688
|
| 650 |
|
7 |
|a DIRECTORIOS
|2 CL-VaPUC
|9 257460
|
| 651 |
|
7 |
|a CHILE
|2 CL-VaPUC
|9 537951
|
| 583 |
|
|
|a last modification
|c 20090702 00:00:00
|k Rodrigo Vera
|
| 999 |
|
|
|c 334550
|d 334548
|
| 952 |
|
|
|0 0
|1 0
|4 0
|6 338_002583000000000_SOF_2009
|7 0
|8 F
|9 423650
|a BIBGIM
|b BIBGIM
|d 2019-11-22
|i 4569725
|o 338.002583 SOF 2009
|p 4569725
|r 2025-01-15
|w 2019-11-22
|y BK_F
|k GIM
|